000 00227nam a2200121Ia 4500
100 _a#N/A
650 _aComputer/ IT
942 _cBK
654 _aDEVELOPERS
245 _aFor Developers
260 _b#N/A
546 _aENGLISH
999 _c23212
_d23212